| 000 | 01359nam0a2200349 4500 | ||
|---|---|---|---|
| 001 | RU\NLR\BIBL_A\022742587 | ||
| 005 | 20260517042606.0 | ||
| 010 |
_a978-5-91076-320-7 _9500 |
||
| 021 |
_aRU _bКН-П-26-000596 _9КН-П-26-0054 |
||
| 035 | _a(NLR Aleph) 022742587 | ||
| 090 |
_a13704326 _c13704326 |
||
| 100 | _a20260303d2025 u y0rusy50 ca | ||
| 101 | 0 | _arus | |
| 102 | _aRU | ||
| 105 | _aac z 000yy | ||
| 181 | 0 |
_ab3 _bxb2e |
|
| 181 | 0 |
_ai2 _baxxe |
|
| 182 | 0 | _an | |
| 200 | 1 |
_aЧайковский. Пермский край _eпутеводитель _f[составители: И. Ю. Маматов, Е. Ф. Мирфасолова] |
|
| 203 |
_aИзображение _aТекст _bвизуальные _cнепосредственные |
||
| 210 |
_aСанкт-Петербург _cМаматов _d2025 |
||
| 215 |
_a72 с. _cцв. ил., портр. _d21 |
||
| 225 | 1 |
_aОткрытие _iПермский край |
|
| 320 | _aБиблиогр.: с. 72 | ||
| 333 | _a12+ | ||
| 607 |
_aЧайковский, город (Пермский край) _jПутеводители _91914705 _3RU\NLR\AUTH\66873001 |
||
| 686 | 1 | _aД890(2Р36-4Пе-2)я23 | |
| 702 | 1 |
_aМаматов _bИ. Ю. _gИльдар Юнусович _4220 |
|
| 942 | _cBOOK | ||
| 980 | _aNB | ||